MARC

LEADER 00000nam0a2200000 4500
001 102815
005 20231101214441.0
035 |a (RuTPU)RU\TPU\book\110859 
090 |a 102815 
100 |a 20061006d1980 k y0rusy50 ca 
101 0 |a rus 
102 |a RU 
105 |a a z 001zy 
200 1 |a Бортовые радиоустройства посадки самолетов  |f И. А. Хаймович, П. А. Иванов, Ю. Е. Устроев [и др.] 
210 |a Москва  |c Машиностроение  |d 1980 
215 |a 328 с.  |c ил. 
320 |a Библиогр.: с. 325 
606 1 |a Самолеты  |x Радиотехническая аппаратура  |2 stltpush  |3 (RuTPU)RU\TPU\subj\53666  |9 71833 
610 1 |a бортовое оборудование 
610 1 |a бортовые приборы 
610 1 |a радиомаячные системы 
610 1 |a посадка 
610 1 |a навигация 
610 1 |a навигационное оборудование 
675 |a 629.73.05:621.3  |v 3 
701 1 |a Хаймович  |b И. А.  |g Изидор Аронович 
701 1 |a Иванов  |b П. А.  |g Петр Александрович 
701 1 |a Устроев  |b Ю. Е.  |g Юрий Ефимович 
701 1 |a Панов  |b Э. А.  |g Эдуард Алексеевич 
701 1 |a Аксамит  |b А. А.  |g Анатолий Анатольевич 
801 1 |a RU  |b 63413507  |c 20061006  |g PSBO 
801 2 |a RU  |b 63413507  |c 20200911  |g RCR 
942 |c BK